000 00681nam a2200217Ia 4500
005 20250508165916.0
008 008 250505s9999 xx 000 0 eng d
020 _a978-93-5002-268-9
037 _aTextBook
040 _aFEDL
_beng
_cFEDL
041 _aeng
_2eng
084 _a370.193, PAT/R
_qFEDL
100 _aPathak Avijit
245 0 _aOn social constraints and the great longing: An essay on the human condition
260 _aDelhi, India
_bAakar Books
_c2014
300 _a140p.
365 _aINR
_b1495
546 _aGifted by H.O.D. Namita Ranganathan in memory of Prof. Arvind Gaysu
942 _cTB
_h370.193, PAT/R
999 _c1398130
_d1398130